000
00267nam a2200109Ia 4500
008
220204s9999 xx 000 0 und d
082
_a
035
_b
KAR
100
_a
KARVE, D G
245
0
_a
Public administration in democracy
260
_a
Poona
_b
Gokhale
_c
1959
942
_c
BK
999
_c
20012
_d
20012